| 000 | 00488nam a2200181Ia 4500 | ||
|---|---|---|---|
| 005 | 20250923144420.0 | ||
| 008 | 008 250917s9999 xx 000 0 eng d | ||
| 037 | _aTextual | ||
| 040 |
_aDSWL _beng _cDSWL |
||
| 041 |
_aeng _2eng |
||
| 084 |
_aS51, N37 _qDSWL |
||
| 100 |
_aKinsey, A.C _9824675 |
||
| 245 | 0 |
_aSexual behabiour in the human male _cby A.C Kinsey |
|
| 260 | _c1949 | ||
| 300 | _a804 p. | ||
| 942 |
_cTEXL _hS51, N37 |
||
| 999 |
_c1438567 _d1438567 |
||